000 00555nam a22001931a 4500
001 3947
003 OSt
005 20260204211910.0
008 050511s1994||||dr ||||||b||||||||||spa||
050 _aRD 635.646 F963c
082 _aRD 635.646 F963c
110 _aFundación de Desarrollo Agropecuario
245 _aCultivo de berenjena / Texto José Pablo Morales Payan
264 _aSanto Domingo : Centro de Informción F.D.A.
300 _a38 p
650 _a1.Berenjena - Horticultura
700 _aGónzales Payan, José PabloÌ
942 _2ddc
_cBK
999 _c3947
_d3947